2D Metal Carbides and Nitrides (MXenes): (Record no. 587951)
[ view plain ]
| 000 -LEADER | |
|---|---|
| fixed length control field | 00425nam a22001337a 4500 |
| 020 ## - INTERNATIONAL STANDARD BOOK NUMBER | |
| International Standard Book Number | 9783030190286 |
| 082 ## - DEWEY DECIMAL CLASSIFICATION NUMBER | |
| Classification number | 620.11 |
| Author Mark | MET |
| 245 ## - TITLE STATEMENT | |
| Title | 2D Metal Carbides and Nitrides (MXenes): |
| Remainder of title | structure, properties and applications / |
| 260 ## - PUBLICATION, DISTRIBUTION, ETC. | |
| Place of publication, distribution, etc. | Switzerland: |
| Name of publisher, distributor, etc. | Springer, |
| Date of publication, distribution, etc. | 2019. |
| 300 ## - PHYSICAL DESCRIPTION | |
| Extent | 534p. ; |
| Dimensions | 23 cm. |
| 700 ## - ADDED ENTRY--PERSONAL NAME | |
| Personal name | Anasori, Babak & Gogosti, Yury |
| 942 ## - ADDED ENTRY ELEMENTS (KOHA) | |
| Source of classification or shelving scheme | |
| Koha item type | Book |
| 700 ## - ADDED ENTRY--PERSONAL NAME | |
| -- | 89131 |
| Withdrawn status | Lost status | Source of classification or shelving scheme | Damaged status | Not for loan | Permanent Location | Current Location | Date acquired | Source of acquisition | Total Checkouts | Total Renewals | Full call number | Barcode | Date last seen | Date last checked out | Price effective from | Koha item type |
|---|---|---|---|---|---|---|---|---|---|---|---|---|---|---|---|---|
| Central Library (CL) | Central Library (CL) | 02/17/2022 | Progressive International Agencies | 2 | 9 | 620.11 MET | CL-938 | 03/11/2024 | 01/11/2024 | 02/17/2022 | Book |
